000 01020nmc a2200349 a 4500
003 AR-BaBNM
005 20251128204851.0
008 226019s1990 ||||||||||||||000 | spa||
020 _a84-7584-131-7
040 _cAR-BaBNM
100 1 _aCarr, Wilfred
245 1 0 _aHacia una ciencia crítica de la educación
260 _aBarcelona
_bLaertes
_c1990
300 0 _a160 p.
490 0 _aPedagogía
_vv. 61
500 0 _aIntroducción por Stephen Kemmis
500 0 _aCon cuadros sinópticos
500 0 _aContiene referencias bibliográficas al final de cada capítulo
650 4 _aTEORIAS DE LA EDUCACION
650 4 _aPRAXIS EDUCATIVA
650 4 _aEPISTEMOLOGIA
650 4 _aINVESTIGACION CIENTIFICA
650 4 _aPENSAMIENTO CRITICO
650 4 _aMETODOS DE INVESTIGACION
651 4 _aEspaña
653 0 _aINVESTIGACION EDUCATIVA
700 1 _aGodo, Joan
_etraductor
800 1 _aRodríguez, Ma. Luisa
_edirector
800 1 _aTrilla, Jaume
_edirector
942 _cBK
998 _cGrace
999 _c9112
_d9112